000 00649nam a2200181Ia 4500
008 100920s9999 xx 000 0 und d
082 _b92234
_a491.462 0
100 _aतेंडुलकर विजय.
245 _aराञ आणि इतर एकांकिका.
260 _bकाँन्टिनेन्टल प्रकाशन पुणे 30.
_c1957
300 _a170
_bसाधी
365 _b50
520 _aनाटक.
630 _aराञ आणि इतर एकांकिका.
650 _aनाटक.
730 _aराञ आणि इतर एकांकिका.
942 _cBOOK
999 _c732680
_d732677